Представление документа в формате MARC21

Поле Инд. ПП Название Значение
Тип записи a
Библиографический уровень m
001 Контрольный номер 7f4956d39dda4e968964e9c2e5a34b86
005 Дата корректировки 20161118150900.2
008 Кодируемые данные 060627
020 c Цена, тираж 53.00
040 a Служба первич. каталог. НБ ТвГУ
041 a Код языка текста rus
080 a Индекс УДК 37.014(470)(060.55)
084 a Индекс другой классификации/Индекс ББК Ч34(2Рос)я54
090 a Полочн. индекс Ч34(2Рос)
x Авторский знак Р76
110 0_ a Организация/ юрисдикция Российский общественный совет по развитию образования (РОСРО)
245 00 a Заглавие Вестник Российского общественного совета по развитию образования
c Ответственность [гл. ред. Т. В. Пискарева]
n Номер части/ раздела Вып. 11
260 0_ a Место издания Москва
b Издательство ГУ ВШЭ
c Дата издания 2005
300 a Объем 191 с.
b Иллюстрации/ тип воспроизводства ил., табл.
583 a Действие Получение впервые 245 27.06.2006
k Исполнитель действия Дар РОСНО
650 a Основная рубрика Образование
x Основная подрубрика Конкурентоспособность
z Географическая подрубрика Российская Федерация
653 a Ключевые слова Конкурентоспособность российского образования
a Ключевые слова Образование в России
a Ключевые слова Педагогические кадры
a Ключевые слова Профессиональная компетентность педагога
700 1_ a Другие авторы Пискарева Т. В.
e Роль лиц гл. ред.
852 t Порядковый номер экземпляра 1
p Инвентарный номер 845724
888 a Бесплатные
952 p 245.2006 53.00 1 845724
c Вид литературы К рн
954 a Дата поступления на обработку 20060628
999 a Подразделение 2 ч.з.